| 000 | 01297nam a2200325 c 4500 | ||
|---|---|---|---|
| 003 | BLK | ||
| 005 | 20240527134713.0 | ||
| 008 | 180408b bul|||||r ||||||| ||bul|| | ||
| 010 | _aKNG00055695000 | ||
| 020 |
_a84-9819-031-2 _bиздат.: Mediasat Group, S. A. - (на цялата колекция) |
||
| 040 | _aBLK | ||
| 041 |
_aBUL _cBUL |
||
| 080 |
_aАмериканска литература (на САЩ) _b821.111(73) _x-31 _z821.111(73)-31 |
||
| 100 | 1 |
_aМилър, Хенри _eпърви автор _9365024 |
|
| 700 | 1 |
_aЖелязков, Красимир _eпрев. от англ. _9245523 |
|
| 139 |
_aМилър, Хенри _bМ 61 |
||
| 245 | 1 | 0 |
_aТропик на Рака _bРоман _cХенри Милър; прев. от англ. Красимир Желязков. |
| 257 | _aUSA | ||
| 260 |
_аСофия _bMediasat Group, S. A. _c2005 _fОтпеч. в Германия |
||
| 300 |
_a350 с. _c21 см |
||
| 380 | _aX | ||
| 490 | 1 |
_aЗлатна колекция ХХ век _v25 |
|
| 500 | _aОриг. загл. Tropic of Cancer / Henry Miller. - Офс. изд. | ||
| 852 | _aЦб 224904 | ||
| 856 | 4 |
_qpdf _u |
|
| 856 | 4 |
_qpdf _u |
|
| 942 |
_cKNG _n0 _016 |
||
| 944 |
_aCR _c05.10.2005 _k30564 _lГалина Якимова |
||
| 944 |
_aED _c07.02.2014 _k |
||
| 999 |
_c51780 _d51780 |
||